[Event "Isle of Wight International"]
[Site "Ryde"]
[Date "2025.02.23"]
[Round "9.44"]
[White "Hu, Junyan"]
[Black "Kiese, Matthias"]
[Result "1/2-1/2"]
[WhiteElo "1895"]
[BlackElo "2109"]
[PlyCount "53"]
[EventDate "2025.02.18"]
[EventType "swiss"]
[EventRounds "9"]
[EventCountry "ENG"]
[SourceTitle "BritBase"]
[Source "John Saunders"]
[SourceDate "2025.02.21"]
[SourceVersion "1"]
[SourceVersionDate "2025.02.21"]
[SourceQuality "1"]

1. e4 c5 2. Nf3 Nc6 3. d4 cxd4 4. Nxd4 g6 5. c4 d6 6. Nc3 Nf6 7. f3 Nxd4 8. Qxd4 Bg7 9. Be3 O-O 10. Qd2 Be6 11. Rc1 Qa5 12. b3 Rfc8 13. Bd3 a6 14. Ne2 Qxd2+ 15. Kxd2 b5 16. Nf4 Bd7 17. Rc2 Bh6 18. Ke2 Kg7 19. g4 e5 20. Ng2 Bxe3 21. Nxe3 b4 22. Rd2 a5 23. Bc2 Ne8 24. Nd5 Rcb8 25. g5 Be6 26. Ne3 h5 27. h4 1/2-1/2

[Event "Isle of Wight International"]
[Site "Ryde"]
[Date "2025.02.23"]
[Round "9.45"]
[White "Sivanesan, Subramanian"]
[Black "Adams, Henry"]
[Result "1/2-1/2"]
[WhiteElo "1894"]
[BlackElo "2082"]
[PlyCount "57"]
[EventDate "2025.02.18"]
[EventType "swiss"]
[EventRounds "9"]
[EventCountry "ENG"]
[SourceTitle "BritBase"]
[Source "John Saunders"]
[SourceDate "2025.02.21"]
[SourceVersion "1"]
[SourceVersionDate "2025.02.21"]
[SourceQuality "1"]

1. e4 e6 2. d4 d5 3. Bd3 dxe4 4. Bxe4 Nf6 5. Bf3 c5 6. Ne2 Nc6 7. Be3 Nd5 8. Bxd5 Qxd5 9. Nbc3 Qc4 10. b3 Qa6 11. dxc5 Be7 12. Qd3 Qa5 13. Qb5 Qc7 14. Bf4 e5 15. Nd5 Qd8 16. Nxe7 Qxe7 17. Be3 a6 18. Qd3 O-O 19. O-O Rd8 20. Qc3 h5 21. Rfe1 h4 22. h3 Bf5 23. f4 Rd5 24. fxe5 Rxe5 25. Nd4 Rxc5 26. Nxf5 Rxf5 27. Bf2 Ne5 28. Bd4 Re8 29. Bxe5 1/2-1/2

[Event "Isle of Wight International"]
[Site "Ryde"]
[Date "2025.02.23"]
[Round "9.46"]
[White "Looi, Xin Hao"]
[Black "Rastogi, Nayan Keats"]
[Result "1-0"]
[WhiteElo "2043"]
[BlackElo "1843"]
[PlyCount "87"]
[EventDate "2025.02.18"]
[EventType "swiss"]
[EventRounds "9"]
[EventCountry "ENG"]
[SourceTitle "BritBase"]
[Source "John Saunders"]
[SourceDate "2025.02.21"]
[SourceVersion "1"]
[SourceVersionDate "2025.02.21"]
[SourceQuality "1"]

1. d4 Nf6 2. Nc3 d5 3. Bg5 Nbd7 4. f3 e6 5. e4 h6 6. Bh4 dxe4 7. fxe4 Bb4 8. Qf3 c5 9. O-O-O cxd4 10. Rxd4 Qa5 11. Nge2 O-O 12. Bg3 e5 13. Rd1 Nb6 14. Qd3 Be6 15. Qb5 Qxb5 16. Nxb5 Nxe4 17. a3 Bc5 18. Be1 Bc4 19. Ng3 Nxg3 20. Bxg3 Bxb5 21. Bxb5 f6 22. Be2 Rfd8 23. Bf3 Rxd1+ 24. Rxd1 Rb8 25. b4 Be7 26. c4 Nxc4 27. Bd5+ Kf8 28. Bxc4 Rc8 29. Rd7 Rxc4+ 30. Kb2 a5 31. bxa5 Ra4 32. Be1 Bc5 33. Rxb7 Rxa3 34. Rc7 Bd6 35. Rc6 Rd3 36. Rxd6 Rxd6 37. Bb4 Ke8 38. Bxd6 Kd7 39. Bf8 g6 40. Bxh6 Kc6 41. Bg7 Kb5 42. Bxf6 Kxa5 43. Bxe5 Kb4 44. h4 1-0

[Event "Isle of Wight International"]
[Site "Ryde"]
[Date "2025.02.23"]
[Round "9.48"]
[White "Sui, Yueyue"]
[Black "Vashisht-Pigem, Raman"]
[Result "1/2-1/2"]
[WhiteElo "1805"]
[BlackElo "2023"]
[PlyCount "93"]
[EventDate "2025.02.18"]
[EventType "swiss"]
[EventRounds "9"]
[EventCountry "ENG"]
[SourceTitle "BritBase"]
[Source "John Saunders"]
[SourceDate "2025.02.21"]
[SourceVersion "1"]
[SourceVersionDate "2025.02.21"]
[SourceQuality "1"]

1. d4 Nf6 2. c4 g6 3. Nc3 Bg7 4. e4 d6 5. Nf3 O-O 6. Be2 e5 7. dxe5 dxe5 8. O-O Qxd1 9. Rxd1 Re8 10. h3 c6 11. Be3 h6 12. Ne1 Be6 13. Nc2 Nbd7 14. b3 Bf8 15. f3 Bc5 16. Kf2 Nh5 17. g4 Nf4 18. Kg3 Bxe3 19. Nxe3 a5 20. Ng2 Nxe2+ 21. Nxe2 Nc5 22. Ne3 Red8 23. Rxd8+ Rxd8 24. Rd1 Rxd1 25. Nxd1 a4 26. Nc1 Kf8 27. Nb2 axb3 28. axb3 Ke7 29. Kf2 Kd6 30. Ke3 Na6 31. Ncd3 f5 32. Kd2 Bc8 33. b4 fxe4 34. fxe4 b5 35. c5+ Ke6 36. Ke3 Kf6 37. Kf3 Nc7 38. h4 Ne6 39. Kg3 Nd4 40. Nd1 Nc2 41. N1f2 Be6 42. Kf3 Bc4 43. Kg3 Nd4 44. Nc1 g5 45. h5 Ne6 46. Kf3 Nd4+ 47. Kg3 1/2-1/2

[Event "Isle of Wight International"]
[Site "Ryde"]
[Date "2025.02.23"]
[Round "9.49"]
[White "Westcott, Dale"]
[Black "Pick, Freddie"]
[Result "1/2-1/2"]
[WhiteElo "1770"]
[BlackElo "1994"]
[PlyCount "113"]
[EventDate "2025.02.18"]
[EventType "swiss"]
[EventRounds "9"]
[EventCountry "ENG"]
[SourceTitle "BritBase"]
[Source "John Saunders"]
[SourceDate "2025.02.21"]
[SourceVersion "1"]
[SourceVersionDate "2025.02.21"]
[SourceQuality "1"]

1. Nf3 Nf6 2. g3 c5 3. Bg2 Nc6 4. c4 d5 5. cxd5 Nxd5 6. O-O e5 7. d3 f6 8. Nc3 Be6 9. Bd2 Qd7 10. Rc1 Be7 11. Nxd5 Bxd5 12. a3 O-O 13. Qa4 Rab8 14. Be3 b5 15. Qc2 Rfc8 16. Qd1 Nd4 17. Nd2 Bxg2 18. Kxg2 Qd5+ 19. Kg1 a5 20. Bxd4 cxd4 21. Qb3 Qxb3 22. Nxb3 a4 23. Nd2 Kf7 24. Kg2 Ke6 25. g4 Kd7 26. Kf3 g6 27. Ke4 Ke6 28. h3 f5+ 29. Kf3 Kd7 30. gxf5 gxf5 31. e3 dxe3 32. fxe3 Rxc1 33. Rxc1 Rc8 34. Rxc8 Kxc8 35. Nb1 b4 36. axb4 Bxb4 37. Na3 Bxa3 38. bxa3 Kd7 39. Kg3 Ke6 40. Kh4 f4 41. exf4 exf4 42. Kg4 Ke5 43. h4 Kd4 44. Kxf4 Kxd3 45. h5 Kc3 46. Ke3 Kb2 47. Kd2 Kxa3 48. Kc3 h6 49. Kc2 Kb4 50. Kb2 Kc5 51. Ka3 Kd5 52. Kxa4 Ke5 53. Kb4 Kf5 54. Kc3 Kg5 55. Kd2 Kxh5 56. Ke2 Kg4 57. Kf2 1/2-1/2

[Event "Isle of Wight International"]
[Site "Ryde"]
[Date "2025.02.23"]
[Round "9.50"]
[White "Mittal, Advik"]
[Black "Hagesaether, Arne"]
[Result "0-1"]
[WhiteElo "1732"]
[BlackElo "1993"]
[PlyCount "86"]
[EventDate "2025.02.18"]
[EventType "swiss"]
[EventRounds "9"]
[EventCountry "ENG"]
[SourceTitle "BritBase"]
[Source "John Saunders"]
[SourceDate "2025.02.21"]
[SourceVersion "1"]
[SourceVersionDate "2025.02.21"]
[SourceQuality "1"]

1. d4 d5 2. Bf4 Nf6 3. e3 c5 4. Nd2 Nc6 5. Ngf3 Nh5 6. Bg3 Nxg3 7. hxg3 Qb6 8. dxc5 Qxb2 9. Rb1 Qc3 10. Bb5 e6 11. O-O Bxc5 12. Nb3 Bb6 13. Nbd4 O-O 14. Rb3 Qc5 15. Bxc6 bxc6 16. Qe2 Qd6 17. c3 e5 18. Nc2 Bf5 19. Rc1 Rfe8 20. Nd2 Qg6 21. Ne1 Bg4 22. f3 Be6 23. g4 e4 24. Nf1 exf3 25. gxf3 h5 26. Ng2 hxg4 27. fxg4 Bxg4 28. Qd2 Bh3 29. Re1 Re5 30. Re2 Rae8 31. Rxb6 axb6 32. a4 Rg5 33. a5 bxa5 34. Kh2 Rxg2+ 35. Rxg2 Qxg2+ 36. Qxg2 Bxg2 37. Kxg2 a4 38. Kf2 a3 39. Nd2 a2 40. Nb3 Rb8 41. Na1 Rb1 42. Nc2 Rb2 43. Kf3 Rxc2 0-1

[Event "Isle of Wight International"]
[Site "Ryde"]
[Date "2025.02.23"]
[Round "9.51"]
[White "Buchwald, Filip"]
[Black "Lukhi, Neev"]
[Result "1/2-1/2"]
[WhiteElo "1636"]
[BlackElo "1963"]
[PlyCount "41"]
[EventDate "2025.02.18"]
[EventType "swiss"]
[EventRounds "9"]
[EventCountry "ENG"]
[SourceTitle "BritBase"]
[Source "John Saunders"]
[SourceDate "2025.02.21"]
[SourceVersion "1"]
[SourceVersionDate "2025.02.21"]
[SourceQuality "1"]

1. e4 e6 2. b3 d5 3. Bb2 c5 4. Nc3 d4 5. Nce2 Nc6 6. Ng3 Nf6 7. Nf3 Qc7 8. Bc4 Bd6 9. Qe2 a6 10. a4 Bd7 11. c3 Bxg3 12. hxg3 e5 13. Ba3 dxc3 14. dxc3 Na5 15. O-O O-O 16. Nd2 Rfd8 17. Rfd1 Rab8 18. Qe3 b5 19. axb5 axb5 20. Bf1 Nb7 21. Bb2 1/2-1/2

[Event "Isle of Wight International"]
[Site "Ryde"]
[Date "2025.02.23"]
[Round "9.52"]
[White "Fathallah, Joe"]
[Black "Ding, Yiwen"]
[Result "1-0"]
[WhiteElo "2044"]
[BlackElo "1772"]
[PlyCount "111"]
[EventDate "2025.02.18"]
[EventType "swiss"]
[EventRounds "9"]
[EventCountry "ENG"]
[SourceTitle "BritBase"]
[Source "John Saunders"]
[SourceDate "2025.02.21"]
[SourceVersion "1"]
[SourceVersionDate "2025.02.21"]
[SourceQuality "1"]

1. d4 d5 2. c4 e6 3. Nc3 Nf6 4. cxd5 exd5 5. Bg5 Be7 6. e3 c6 7. Bd3 Nbd7 8. Qc2 Nh5 9. Bxe7 Qxe7 10. Nge2 g6 11. O-O O-O 12. Rfe1 Ndf6 13. Nf4 Ng7 14. g3 Bf5 15. Rab1 Bxd3 16. Nxd3 Ne4 17. b4 Ng5 18. Kg2 Qd7 19. Nf4 Nh5 20. Nce2 Qg4 21. Ng1 Nxf4+ 22. exf4 Ne6 23. Qd2 Qf5 24. Rb3 Qf6 25. Re5 Ng7 26. b5 Rfe8 27. Nf3 Qd6 28. Qb4 Qd7 29. bxc6 bxc6 30. Qb7 Qd6 31. Rxe8+ Rxe8 32. Qxa7 Nf5 33. Ne5 Re7 34. Qb8+ Qxb8 35. Rxb8+ Kg7 36. Nxc6 Re6 37. Nb4 Nxd4 38. Nxd5 Ra6 39. Rb2 Ra5 40. Ne3 Nb5 41. Rc2 Nd4 42. Rc4 Nb5 43. Rc5 h5 44. a4 Rxa4 45. Rxb5 Rd4 46. Rxh5 Rxf4 47. gxf4 gxh5 48. Kg3 Kg6 49. Kh4 Kh6 50. f5 f6 51. Nd5 Kg7 52. Kxh5 Kf7 53. Kh6 Kg8 54. Kg6 Kh8 55. Kxf6 Kg8 56. Ke7 1-0

[Event "Isle of Wight International"]
[Site "Ryde"]
[Date "2025.02.23"]
[Round "9.53"]
[White "Vadalia, Jainill"]
[Black "Sasikumar, Srivathsan"]
[Result "1-0"]
[WhiteElo "1998"]
[BlackElo "1992"]
[PlyCount "87"]
[EventDate "2025.02.18"]
[EventType "swiss"]
[EventRounds "9"]
[EventCountry "ENG"]
[SourceTitle "BritBase"]
[Source "John Saunders"]
[SourceDate "2025.02.21"]
[SourceVersion "1"]
[SourceVersionDate "2025.02.21"]
[SourceQuality "1"]

1. d4 Nf6 2. c4 e6 3. Nc3 d5 4. cxd5 exd5 5. Bg5 Be7 6. e3 Be6 7. Bd3 Nbd7 8. h3 O-O 9. Nf3 c5 10. O-O Rc8 11. a4 Re8 12. Qd2 a6 13. Rfd1 Qc7 14. Rac1 Qb8 15. Bf4 Bd6 16. Bxd6 Qxd6 17. dxc5 Nxc5 18. Bc2 Qb6 19. Nd4 Nce4 20. Bxe4 dxe4 21. Nce2 Bd7 22. b3 Nd5 23. Ng3 Rcd8 24. Qc2 Rc8 25. Qb2 Qg6 26. Rxc8 Rxc8 27. Ndf5 Bxf5 28. Rxd5 Be6 29. Rd6 h6 30. Qd4 Rc6 31. Rxc6 bxc6 32. b4 Bd5 33. b5 axb5 34. axb5 Qe6 35. b6 c5 36. Qxc5 Bb7 37. Nf5 Qd7 38. Ne7+ Kh8 39. Qc7 Qd1+ 40. Kh2 Kh7 41. Qb8 h5 42. Qg8+ Kh6 43. Qh8+ Kg5 44. Qxg7+ 1-0

[Event "Isle of Wight International"]
[Site "Ryde"]
[Date "2025.02.23"]
[Round "9.54"]
[White "Collyer, David"]
[Black "Ward, Cian"]
[Result "1/2-1/2"]
[WhiteElo "1929"]
[BlackElo "1866"]
[PlyCount "75"]
[EventDate "2025.02.18"]
[EventType "swiss"]
[EventRounds "9"]
[EventCountry "ENG"]
[SourceTitle "BritBase"]
[Source "John Saunders"]
[SourceDate "2025.02.21"]
[SourceVersion "1"]
[SourceVersionDate "2025.02.21"]
[SourceQuality "1"]

1. e4 e6 2. d4 d5 3. Nc3 Bb4 4. e5 Ne7 5. a3 Bxc3+ 6. bxc3 c5 7. Qg4 O-O 8. Bd3 f5 9. exf6 Rxf6 10. Bg5 Rf7 11. Qh5 g6 12. Qh4 c4 13. Be2 Qa5 14. Bd2 Nf5 15. Qg5 Nc6 16. h4 Bd7 17. h5 h6 18. Qg4 g5 19. Qh3 Nd6 20. Bg4 Re8 21. Nf3 Ne4 22. O-O Nxd2 23. Nxd2 Nxd4 24. Nxc4 dxc4 25. cxd4 Qd2 26. c3 Rf6 27. Rae1 Rxf2 28. Bxe6+ Bxe6 29. Rxe6 Rxg2+ 30. Qxg2 Qxg2+ 31. Kxg2 Rxe6 32. Rb1 Re3 33. Rxb7 Rxc3 34. Rxa7 Rd3 35. Ra6 Kg7 36. Ra7+ Kg8 37. Ra6 Kg7 38. Ra7+ 1/2-1/2

[Event "Isle of Wight International"]
[Site "Ryde"]
[Date "2025.02.23"]
[Round "9.55"]
[White "Waterfield, Mark"]
[Black "Chilton, James I"]
[Result "1-0"]
[WhiteElo "1892"]
[BlackElo "1799"]
[PlyCount "92"]
[EventDate "2025.02.18"]
[EventType "swiss"]
[EventRounds "9"]
[EventCountry "ENG"]
[SourceTitle "BritBase"]
[Source "John Saunders"]
[SourceDate "2025.02.21"]
[SourceVersion "1"]
[SourceVersionDate "2025.02.21"]
[SourceQuality "1"]

1. e4 c5 2. Nf3 e6 3. d4 cxd4 4. Nxd4 a6 5. Bd3 Qc7 6. O-O Nf6 7. c4 Nc6 8. Be3 Bd6 9. g3 Be5 10. Bc2 O-O 11. f4 Nxd4 12. Bxd4 Bxd4+ 13. Qxd4 b5 14. e5 Ng4 15. h3 Bb7 16. hxg4 Qc6 17. Qd2 Qh1+ 18. Kf2 Qf3+ 19. Ke1 Qxg3+ 20. Qf2 Qxg4 21. Nd2 f6 22. Qh2 fxe5 23. Rg1 Qxg1+ 24. Qxg1 exf4 25. cxb5 axb5 26. Qh2 h6 27. Kf2 Rac8 28. Bb3 Rf6 29. Nf3 Bd5 30. Re1 Bxb3 31. axb3 g5 32. Ne5 Kg7 33. Ng4 Rg6 34. Ne5 g4 35. Qh5 g3+ 36. Kf3 Rf6 37. Nxd7 Rf5 38. Qg4+ Rg5 39. Qxe6 g2 40. Qe7+ Kh8 41. Qf6+ Kg8 42. Re7 g1=N+ 43. Kxf4 Nh3+ 44. Ke4 Rg4+ 45. Ke5 Re4+ 46. Kxe4 Ng5+ 1-0

[Event "Isle of Wight International"]
[Site "Ryde"]
[Date "2025.02.23"]
[Round "9.56"]
[White "Li, Harvey"]
[Black "Rzepka, Marcin"]
[Result "1/2-1/2"]
[WhiteElo "1766"]
[BlackElo "1750"]
[PlyCount "20"]
[EventDate "2025.02.18"]
[EventType "swiss"]
[EventRounds "9"]
[EventCountry "ENG"]
[SourceTitle "BritBase"]
[Source "John Saunders"]
[SourceDate "2025.02.21"]
[SourceVersion "1"]
[SourceVersionDate "2025.02.21"]
[SourceQuality "1"]

1. d4 g6 2. c4 Bg7 3. Nc3 c5 4. d5 Bxc3+ 5. bxc3 f5 6. e4 fxe4 7. f3 d6 8. fxe4 Qa5 9. Bd2 Nd7 10. Nf3 Ngf6 1/2-1/2